Statistics for Airport Codes Unrelated to City

Click here to take the quiz!

General Stats

  • This quiz has been taken 59 times
  • The average score is 12 of 20

Answer Stats

HintAnswer% Correct
CDGParis
94%
YYZToronto
88%
FCORome
85%
HNDTokyo
85%
ORDChicago
79%
JFKNew York City
79%
TXLBerlin
75%
MCOOrlando
69%
YULMontreal
67%
PVGShanghai
65%
GIGRio
63%
DMEMoscow
60%
IADWashington DC
52%
CGKJakarta
46%
MSYNew Orleans
46%
MCIKansas City
31%
OGGKahului
23%
BDLHartford
19%
GEGSpokane
19%
SDFLouisville
17%

Score Distribution

Percentile by Number Answered

Percent of People with Each Score

Your Score History

You have not taken this quiz